Famous New Zealanders by Picture - Statistics

General Stats
  • This quiz has been taken 40 times
  • The average score is 6 of 16
Answer Stats
Picture Hint Answer % Correct
1919–2008 Edmund Hillary
82%
1961– Peter Jackson
79%
1980– Jacinda Ardern
63%
1871–1937 Ernest Rutherford
55%
1996– Lorde
55%
1975– Taika Waititi
53%
1993– Steven Adams
45%
1975–2015 Jonah Lomu
32%
1980– Richie McCaw
29%
1972– Karl Urban
24%
1954– Jane Campion
21%
1968– Cliff Curtis
13%
1909–1982 Jean Batten
13%
1990– Kimbra
11%
1968– Lucy Lawless
11%
1988– Rose McIver
3%
No matching quizzes found
Score Distribution
Percent of People with Each Score
Percentile by Number Answered
Your Score History
You have not taken this quiz